000 00579nai a2200181Ia 4500
003 IN-BaIIA
008 211028c9999 xx s 000 0 eng d
022 _a0049-8246 (Print)
022 _a1097-4539 (Online)
040 _cIIA Library
245 0 _aX-Ray Spectrometry
_h[eJournal]
260 _aNew Jersey
_bJohn Wiley & Sons
310 _aBimonthly
362 _a25(1); 1996 - Present
521 _bSubscribed through National Knowledge Resource Consortium (NKRC)
856 _uhttps://onlinelibrary.wiley.com/journal/10974539
_yClick Here to Access eJournal
942 _cEJ
999 _c35866
_d35866